000 00937nam a22002657a 4500
005 2010121603433.0
008 101216t xxu||||| |||| 00| 0 eng d
010 _aENG-101820
020 _a9788120341913
_c195.00
035 _aEN-85353
037 _bDBAD / PUB
040 _adpl
_bEng
082 _a333.7
100 _aMuthukrishnan, Subhasini
_924780
245 1 _aEconomics of environment /
_cby Subhasini Muthukrishnan
260 _aNew Delhi
_bPrentice-Hall of India
_c2010
270 _aM-97, Connaught Circus
_bNew Delhi
_e110 001
300 _axiv, 214p.
_c24cm (pbk)
500 _aIncludes bibliographical references and index
650 _924807
650 _924826
_bMathematical models
700 _924781
942 _adpl
_cEN
_2ddc
_h333.7
_mMUT
999 _c49213
_d49213